| 000 | 00535nam a2200205 a 4500 | ||
|---|---|---|---|
| 005 | 20240802063648.0 | ||
| 008 | 991125s1983 mx 000 0 spa u | ||
| 020 | _a9686006567 | ||
| 035 | _aUPN01000125173 | ||
| 049 | _aCG | ||
| 050 | 4 |
_aPQ7251 _bR6.4 1983 |
|
| 100 | 1 | _aRomero, Rafael | |
| 245 | 1 | 0 |
_aLira de plata : _bsonetario escolar / _cRafael Romero. |
| 250 | _a4a ed. | ||
| 260 |
_aMéxico : _bAvante, _c1983. |
||
| 300 | _a191 p. | ||
| 650 | 4 |
_aPoesía mexicana _91273 |
|
| 650 | 4 |
_aPoesía escolar _91236 |
|
| 905 | _aLibro | ||
| 999 |
_c97352 _d97352 |
||